Normal view
MARC view
- ASC Irfan Ali NC Osama Rehman NC Muhammad Akhyar Ahmad
Entry Personal Name
001 - CONTROL NUMBER
- control field: 73100
003 - CONTROL NUMBER IDENTIFIER
- control field: NUST
005 - DATE AND TIME OF LATEST TRANSACTION
- control field: 20210628204953.0
008 - FIXED-LENGTH DATA ELEMENTS
- fixed length control field: 210628|| aca||aabn | a|a d
040 ## - CATALOGING SOURCE
- Original cataloging agency: NUST
- Transcribing agency: NUST
100 ## - HEADING--PERSONAL NAME
- Personal name: ASC Irfan Ali NC Osama Rehman NC Muhammad Akhyar Ahmad
670 ## - SOURCE DATA FOUND
- Source citation: Work cat.: (NUST): ASC Irfan Ali NC Osama Rehman NC Muhammad Akhyar Ahmad , PR-SOF-1944-Design and Fabrication of a Wrist Prosthesis Using Compliant Joints, 2020
